| 000 | 00936cam a2200217 a 4500 | ||
|---|---|---|---|
| 999 |
_c3123 _d3123 |
||
| 020 | _a9780749455088 | ||
| 020 | _a074945508X | ||
| 050 | 0 | 0 |
_aHD2741 _b.H26 |
| 245 | 0 | 4 |
_aThe handbook of international corporate governance : _ba definitive guide. |
| 250 | _a2nd ed. | ||
| 260 |
_aLondon ; _aPhiladelphia : _bKogan Page, _c2009. |
||
| 300 |
_axvii, 510 p. : _bill. ; _c24 cm. |
||
| 500 | _aAn Institute of Directors publication. | ||
| 500 | _aIncludes index. | ||
| 505 | _aPart 1: Models and Codes Part 2: Shareholder Rights Part 3: Board Effectiveness Part 4: Control and Disclosure Part 5: Directors Part 6: Profiles of Corporate Governance in Leading Countries Part 7: Regions; Useful Organizations; Contributors' Contact Details; Index. | ||
| 650 | 0 | _aCorporate governance | |
| 650 | 0 |
_aCorporate governance _xLaw and legislation |
|
| 650 | 0 | _aComparative management. | |
| 710 | 2 | _aInstitute of Directors. | |
| 942 | _cBK | ||